Frank Stella: serie Moby Dick. 25 obras gráficas, 1991-1997
Gespeichert in:
| Format: | Buch |
|---|---|
| Sprache: | Spanisch Englisch |
| Veröffentlicht: |
Santiago
Museo Nacional de Bellas Artes
2005
|
| Ausgabe: | 1a. ed |
| Schlagworte: | |
| Tags: |
Tag hinzufügen
Keine Tags, Fügen Sie den ersten Tag hinzu!
|
MARC
| LEADER | 00000cam a2200000 a 4500 | ||
|---|---|---|---|
| 001 | UCE2126 | ||
| 003 | CL-VaPUC | ||
| 008 | 140612e20050000cl |||||||||||||||||spa|d | ||
| 041 | 0 | 7 | |a spa |2 CL-VaPUC |
| 041 | 0 | 7 | |a eng |2 CL-VaPUC |
| 082 | 0 | 4 | |a 709.2 |b FRA |2 21 |
| 245 | 1 | 0 | |a Frank Stella: serie Moby Dick. 25 obras gráficas, 1991-1997 |
| 250 | |a 1a. ed | ||
| 300 | |a 103 p | ||
| 942 | |c BK | ||
| 945 | |d 20140612 14:07:00 |a dcastane | ||
| 260 | |a Santiago |b Museo Nacional de Bellas Artes |c 2005 | ||
| 650 | 0 | |a Pintura estadounidense |9 266172 | |
| 650 | 0 | |a Pintores estadounidenses |9 347262 | |
| 650 | 7 | |a MINIMALISMO |2 CL-VaPUC |9 529693 | |
| 650 | 0 | |a Pintura abstracta |9 266224 | |
| 650 | 0 | |a Arte contemporáneo |9 338008 | |
| 583 | |a last modification |c 20140612 14:07:00 |k Rodrigo Vera | ||
| 999 | |c 355789 |d 355787 | ||
| 952 | |0 0 |1 0 |2 ddc |3 erb |4 0 |6 709_200000000000000_FRA_2005 |7 0 |8 R |9 462647 |a BIBART |b BIBART |i 5082684 |l 1 |o 709.2 FRA 2005 |p 5082684 |r 2025-03-13 |s 2023-11-08 |w 2019-11-23 |y BK_R |z Catalogado en:20140612 |k ART | ||